|
|
|
|
| LEADER |
01454nam a2200397Ia 4500 |
| 001 |
EBC459585 |
| 003 |
MiAaPQ |
| 005 |
20200520144314.0 |
| 006 |
m o d | |
| 007 |
cr cn||||||||| |
| 008 |
070529s2007 dcu sb 001 0 eng d |
| 010 |
|
|
|z 2007022164
|
| 020 |
|
|
|z 9780821371732 (alk. paper)
|
| 020 |
|
|
|z 9780821371749
|
| 035 |
|
|
|a (MiAaPQ)EBC459585
|
| 035 |
|
|
|a (Au-PeEL)EBL459585
|
| 035 |
|
|
|a (CaPaEBR)ebr10180751
|
| 035 |
|
|
|a (CaONFJC)MIL94040
|
| 035 |
|
|
|a (OCoLC)935270941
|
| 040 |
|
|
|a MiAaPQ
|c MiAaPQ
|d MiAaPQ
|
| 050 |
|
4 |
|a HD82
|b .M369 2007
|
| 082 |
0 |
4 |
|a 201/.76
|2 22
|
| 100 |
1 |
|
|a Marshall, Katherine,
|d 1947-
|
| 245 |
1 |
0 |
|a Development and faith
|h [electronic resource] :
|b where mind, heart, and soul work together /
|c Katherine Marshall and Marisa Van Saanen.
|
| 260 |
|
|
|a Washington DC :
|b World Bank,
|c c2007.
|
| 300 |
|
|
|a xviii, 329 p.
|
| 504 |
|
|
|a Includes bibliographical references and index.
|
| 533 |
|
|
|a Electronic reproduction. Ann Arbor, MI : ProQuest, 2015. Available via World Wide Web. Access may be limited to ProQuest affiliated libraries.
|
| 650 |
|
0 |
|a Economic development
|x Religious aspects.
|
| 650 |
|
0 |
|a Religion and social problems.
|
| 650 |
|
0 |
|a Poverty.
|
| 655 |
|
4 |
|a Electronic books.
|
| 700 |
1 |
|
|a Van Saanen, Marisa Bronwyn.
|
| 710 |
2 |
|
|a World Bank.
|
| 710 |
2 |
|
|a ProQuest (Firm)
|
| 856 |
4 |
0 |
|u https://ebookcentral.proquest.com/lib/matrademy/detail.action?docID=459585
|z Click to View
|